Todas as capitais de A a Z - Statistics

Estatísticas Gerais
  • Esse quiz foi jogado 178 vezes
  • A pontuação média é 59 de 200
Estatísticas das Respostas
Capital % Correto
Abu Dhabi
84%
Accra
70%
Abuja
68%
Adis Abeba
62%
Ancara
62%
Amesterdão
59%
Brasília
59%
Zagreb
59%
Apia
57%
Argel
57%
Antananarivo
54%
Asmara
54%
Assunção
51%
Bogotá
51%
Bruxelas
51%
Bucareste
51%
Buenos Aires
51%
Andorra-a-Velha
49%
Atenas
49%
Baku
49%
Belmopan
49%
Budapeste
49%
Asgabate
46%
Bagdá
46%
Bandar Seri Begawan
46%
Bangkok
46%
Bratislava
46%
Brazzaville
46%
Amã
43%
Belgrado
43%
Caracas
43%
Funafuti
43%
Bangui
41%
Bridgetown
41%
Cairo
41%
Camberra
41%
Wellington
41%
Bamako
38%
Banjul
38%
Berna
38%
Bisqueque
38%
Luanda
38%
Paramaribo
38%
Washington D.C.
38%
Basseterre
35%
Beirute
35%
Berlim
35%
Castries
35%
Cidade do México
35%
Cidade do Panamá
35%
Lisboa
35%
Paris
35%
Varsóvia
35%
Yaoundé
35%
Bloemfontein
32%
Cabul
32%
Dakar
32%
Dublin
32%
Freetown
32%
Gaborone
32%
Londres
32%
Yamoussoukro
32%
Yaren
32%
Bissau
30%
Cartum
30%
Cidade da Guatemala
30%
Copenhaga
30%
Daca
30%
Díli
30%
Djibouti
30%
Estocolmo
30%
Georgetown
30%
Hanói
30%
Islamabad
30%
Jerusalém
30%
Kiev
30%
Lima
30%
Luxemburgo
30%
Madrid
30%
Manágua
30%
Ottawa
30%
Palikir
30%
Vaticano
30%
Vientiane
30%
Catmandu
27%
Cidade do Cabo
27%
Duchambé
27%
Erevan
27%
Gitega
27%
Havana
27%
Jakarta
27%
La Paz
27%
Liubliana
27%
Manama
27%
Mascate
27%
Nova Deli
27%
Port Louis
27%
Port Moresby
27%
Praga
27%
Praia
27%
Pristina
27%
Quito
27%
Roma
27%
San José
27%
Santiago
27%
Santo Domingo
27%
Sarajevo
27%
Vaduz
27%
Valeta
27%
Viena
27%
Vilnius
27%
Chișinău
24%
Doha
24%
Kigali
24%
Libreville
24%
Montevidéu
24%
Nairóbi
24%
Naypyidaw
24%
Oslo
24%
Ouagadougou
24%
Pequim
24%
Podgorica
24%
Porto Príncipe
24%
Port Vila
24%
Rabat
24%
Riade
24%
Riga
24%
San Marino
24%
San Salvador
24%
Ulaanbaatar
24%
Windhoek
24%
Conacri
22%
Damasco
22%
Dodoma
22%
Escópia
22%
Harare
22%
Helsínquia
22%
Juba
22%
Kampala
22%
Kingstown
22%
Kuweit
22%
Lomé
22%
Lusaka
22%
Malabo
22%
Manila
22%
Maseru
22%
Mbabane
22%
Moroni
22%
Moscovo
22%
Pyongyang
22%
Reykjavík
22%
Saint George's
22%
Saint John's
22%
São Tomé
22%
Seul
22%
Sofia
22%
Victoria
22%
Honiara
19%
Kuala Lumpur
19%
Lilongwe
19%
Majuro
19%
Malé
19%
Maputo
19%
Mogadíscio
19%
Monaco
19%
N'Djamena
19%
Ngerulmud
19%
Port-of-Spain
19%
Porto-Novo
19%
Pretória
19%
Saná
19%
Singapura
19%
Suva
19%
Taipé
19%
Tallinn
19%
Tarawa
19%
Trípoli
19%
Tunes
19%
Cotonou
16%
Kingston
16%
Kotte
16%
Minsk
16%
Nassau
16%
Niamey
16%
Nicosia
16%
Nouakchott
16%
Nukuʻalofa
16%
Roseau
16%
Sucre
16%
Tashkent
16%
Tbilisi
16%
Tirana
16%
Tóquio
16%
Kinshasa
14%
Nursultan
14%
Phnom Penh
14%
Teerã
14%
Tegucigalpa
14%
Thimbu
14%
Monróvia
11%
Nenhum quiz correspondente encontrado
Distribuição das Pontuações
Porcentagem de Pessoas com Cada Pontuação
Percentil de Números Respondidos
Sua Pontuação Histórica
Você não jogou esse quiz